000 00506cam a22001931 4500
001 3112952
005 20180115071600.0
008 730220s1963 nyua 000 0 eng
010 _a 63007866
040 _aDLC
_cDLC
_dDLC
041 _aeng
080 _a420.82 DEA
082 0 0 _a420.82 DEA
100 1 _a46
101 _aEDU
245 0 0 _aEssays on language and usage.
_cEdited by Leonard F. Dean and Kenneth G. Wilson.
906 _a7
_bcbc
_corignew
_du
_eocip
_f19
_gy-gencatlg
942 _2ddc
_cBK
999 _c40270
_d40270